| 000 | 01462cam a2200313K 4500 | ||
|---|---|---|---|
| 001 | 45210 | ||
| 003 | BD-RjUL | ||
| 005 | 20211209053959.0 | ||
| 008 | 160724r19611945miu o 000 0 eng d | ||
| 035 | _aBD-RjUL 45328 | ||
| 035 | _a(OCoLC)584139696 | ||
| 040 |
_aOCLCE _beng _cOCLCE _dOCLCQ |
||
| 041 | _aeng | ||
| 082 |
_223 _a336.292 _bHII 1945 |
||
| 100 | 1 |
_aHicks, John Richard, _d1904- _9138513 |
|
| 245 | 1 | 4 |
_aThe incidence of local rates in Great Britain / _cby J.R. Hicks and Ursula K. Hicks. |
| 260 |
_aCambridge [Eng.] : _bUniversity Press, _c1945. |
||
| 300 |
_a64 p. : _bill. ; _c25 cm. |
||
| 490 | 0 |
_aNational institute of economic and social research. Occasional papers. _vVIII |
|
| 500 | _a"A sequel to, and completion of ... two of the undertakings of the National institute ... Standards of local expenditure and The problem of valuation for rating."--Pref. | ||
| 500 | _aPhotocopy (positive) made by University Microfilms. | ||
| 500 | _aPrinted on double leaves. | ||
| 506 |
_3Use copy _fRestrictions unspecified _2star _5MiAaHDL |
||
| 650 |
_aReal property tax _zGreat Britain. _9138514 |
||
| 776 | 0 | 8 |
_iPrint version: _aHicks, John Richard, 1904- _tIncidence of local rates in Great Britain. _dCambridge [Eng.] University Press, 1945. [Ann Arbor, Mich., 1961] _w(OCoLC)23312531 |
| 856 | 4 | 0 |
_3HathiTrust Digital Library _uhttp://catalog.hathitrust.org/api/volumes/oclc/23312531.html |
| 942 |
_2ddc _cBK |
||
| 999 |
_c45210 _d45210 |
||